[Event "C.to Mondiale U16"]
[Site "Durban RSA"]
[Date "2014.09.28"]
[Round "10"]
[White "Rambaldi, Francesco"]
[Black "Pichot, Alan"]
[WhiteElo "2456"]
[BlackElo "2452"]
[Result "1-0"]
[PlyCount "95"]
[EventDate "2014.09.20"]

1. d4 Nf6 2. c4 g6 3. Nc3 Bg7 4. e4 d6 5. Nge2 O-O 6. Ng3 e5 7. d5 a5 8. Bd3
Na6 9. O-O h5 10. Bg5 Qe8 11. Qd2 Nh7 12. Be3 h4 13. Nge2 Bd7 14. Rae1 Nc5 15.
Bc2 Qe7 16. Bxc5 dxc5 17. Rd1 Qd6 18. Ba4 h3 19. g3 Nf6 20. Bxd7 Qxd7 21. Qe3
Qe7 22. f4 Ng4 23. Qf3 f5 24. Rde1 Rae8 25. Nc1 exf4 26. gxf4 Bd4+ 27. Kh1 Qh4
28. Nd3 fxe4 29. Rxe4 Bxc3 30. bxc3 Rxe4 31. Qxe4 Kh7 32. Rf3 b6 33. Rg3 Rf5
34. Qe6 Qh5 35. Qe2 Nf6 36. Qf1 Kg7 37. Rxh3 Qg4 38. Rg3 Qh5 39. Qe1 Kh7 40.
Kg2 Kg7 41. Qe7+ Kg8 42. Qd8+ Kg7 43. Qxc7+ Kf8 44. Qd6+ Kg8 45. Qe6+ Kg7 46.
Qe7+ Kg8 47. d6 Ng4 48. Rh3 1-0

[Event "C.to Mondiale U16"]
[Site "Durban RSA"]
[Date "2014.09.29"]
[Round "11"]
[White "Bellahcene, Bilel"]
[Black "Rambaldi, Francesco"]
[WhiteElo "2428"]
[BlackElo "2456"]
[Result "1/2-1/2"]
[PlyCount "65"]
[EventDate "2014.09.20"]

1. d4 Nf6 2. c4 g6 3. Nc3 d5 4. Bf4 Bg7 5. e3 O-O 6. Rc1 Be6 7. Nf3 dxc4 8. Ng5
Bd5 9. e4 h6 10. exd5 hxg5 11. Bxg5 Nxd5 12. Bxc4 Nb6 13. Bb3 Nc6 14. Ne2 Qd6
15. O-O Nxd4 16. Nxd4 Bxd4 17. Bxe7 Qxe7 18. Qxd4 c6 19. Rfe1 Qd8 20. Qf4 Nd5
21. Qf3 Qd6 22. h4 Rae8 23. Re4 Kg7 24. Rd1 Rxe4 25. Qxe4 Qf6 26. Bxd5 cxd5 27.
Rxd5 Qxb2 28. h5 Qa1+ 29. Kh2 Qf6 30. f3 Rh8 31. g4 gxh5 32. gxh5 Rd8 33. Rxd8
1/2-1/2

[Event "C.to Mondiale U16"]
[Site "Durban RSA"]
[Date "2014.09.29"]
[Round "11"]
[White "Zamengo, Fulvio"]
[Black "Saiyn, Zhanat"]
[WhiteElo "2276"]
[BlackElo "2397"]
[Result "0-1"]
[PlyCount "136"]
[EventDate "2014.09.20"]

1. e4 e6 2. d4 d5 3. exd5 exd5 4. Nf3 Bd6 5. c4 dxc4 6. Bxc4 Nf6 7. O-O O-O 8.
Nc3 Bg4 9. Be2 Nc6 10. d5 Bxf3 11. Bxf3 Ne5 12. Bg5 h6 13. Bh4 Ng6 14. Bg3 a6
15. a4 Ne7 16. Qb3 Rb8 17. a5 Bxg3 18. hxg3 Qd6 19. Ra4 b5 20. axb6 Rxb6 21.
Qa3 Rfb8 22. Qxd6 Rxd6 23. Rfa1 Rxb2 24. Rxa6 Rxa6 25. Rxa6 Rb3 26. Ne2 Nexd5
27. Ra8+ Kh7 28. Rf8 Kg6 29. Bxd5 Nxd5 30. Nf4+ Nxf4 31. gxf4 Kf6 32. Kf1 Rd3
33. Ke2 Rd7 34. Rg8 h5 35. Ke3 g6 36. g3 Ke6 37. Ke4 Re7 38. Rd8 Rd7 39. Rh8
Kf6 40. Rc8 Re7+ 41. Kf3 Ke6 42. Rh8 c6 43. Ke4 Rc7 44. f5+ gxf5+ 45. Ke3 Kd5
46. Rxh5 Kc4 47. Kd2 Kb3 48. Rxf5 c5 49. Kc1 c4 50. g4 Ra7 51. Rf6 Ra1+ 52. Kd2
c3+ 53. Ke2 Ra7 54. g5 c2 55. Rb6+ Kc3 56. Rc6+ Kb2 57. Rb6+ Kc1 58. f4 Re7+
59. Kf3 Rc7 60. Ke2 Rc4 61. f5 Rc5 62. g6 Rxf5 63. gxf7 Rxf7 64. Rb8 Ra7 65.
Kd3 Ra3+ 66. Ke2 Ra1 67. Kd3 Rb1 68. Re8 Rb3+ 0-1

[Event "C.to Mondiale U16 femminile"]
[Site "Durban RSA"]
[Date "2014.09.21"]
[Round "2"]
[White "Paolillo, Gaia"]
[Black "Bluhm, Sonja Maria"]
[WhiteElo "1921"]
[BlackElo "2155"]
[Result "1/2-1/2"]
[PlyCount "71"]
[EventDate "2014.09.20"]

1. Nf3 Nf6 2. c4 g6 3. g3 Bg7 4. Bg2 O-O 5. O-O d6 6. d4 a6 7. Nc3 Nc6 8. Re1
e5 9. dxe5 Nxe5 10. Nxe5 dxe5 11. Qxd8 Rxd8 12. Bg5 Re8 13. Rad1 h6 14. Be3 e4
15. f3 Be6 16. b3 Ng4 17. Bd4 Ne3 18. Bxe3 Bxc3 19. Bd2 Bd4+ 20. e3 Bb6 21. Bc3
Rad8 22. Bd4 Ba5 23. Rf1 exf3 24. Bxf3 Bh3 25. Bg2 Bxg2 26. Kxg2 Re6 27. Kf3
Rde8 28. Rd3 Bb4 29. Rfd1 f5 30. Bb2 Bc5 31. Bc1 Bd6 32. Rd5 b6 33. R1d3 a5 34.
Rd1 Kf7 35. R1d3 Kg8 36. Rd1 1/2-1/2

[Event "C.to Mondiale U16 femminile"]
[Site "Durban RSA"]
[Date "2014.09.21"]
[Round "3"]
[White "Tsolakidou, Stavroula"]
[Black "Paolillo, Gaia"]
[WhiteElo "2250"]
[BlackElo "1921"]
[Result "1-0"]
[PlyCount "75"]
[EventDate "2014.09.20"]

1. e4 e6 2. d4 d5 3. Nc3 Nf6 4. Bg5 Be7 5. e5 Nfd7 6. h4 h6 7. Bxe7 Qxe7 8. Qg4
O-O 9. Nf3 a6 10. O-O-O c5 11. dxc5 Nxc5 12. Rh3 f5 13. exf6 Qxf6 14. Rg3 Qf4+
15. Qxf4 Rxf4 16. Rd4 Rxd4 17. Nxd4 Nc6 18. Nxc6 bxc6 19. b4 Nd7 20. f4 c5 21.
b5 axb5 22. Bxb5 Nf6 23. a4 Ba6 24. Rd3 Bxb5 25. axb5 Rb8 26. f5 d4 27. Na4
Rxb5 28. fxe6 Kf8 29. c3 Ke7 30. cxd4 cxd4 31. Rxd4 Kxe6 32. Nc3 Rb7 33. Rc4
Kf5 34. Kc2 Ng4 35. Nd5 h5 36. Rc5 Ne5 37. Nc3 Rb2+ 38. Kxb2 1-0

[Event "C.to Mondiale U16 femminile"]
[Site "Durban RSA"]
[Date "2014.09.22"]
[Round "4"]
[White "Paolillo, Gaia"]
[Black "Ciungan, Diana-Alexandra"]
[WhiteElo "1921"]
[BlackElo "1762"]
[Result "1-0"]
[PlyCount "33"]
[EventDate "2014.09.20"]

1. Nf3 Nf6 2. c4 e6 3. g3 d5 4. Bg2 Bd6 5. O-O O-O 6. d4 c6 7. Nbd2 Ne4 8. Nxe4
dxe4 9. Ng5 f5 10. f3 h6 11. Nh3 exf3 12. Bxf3 e5 13. c5 Bc7 14. Qb3+ Kh8 15.
dxe5 Bxe5 16. Nf4 Qf6 17. Nh5 1-0

[Event "C.to Mondiale U16 femminile"]
[Site "Durban RSA"]
[Date "2014.09.23"]
[Round "5"]
[White "Bykovtsev, Agata"]
[Black "Paolillo, Gaia"]
[WhiteElo "2059"]
[BlackElo "1921"]
[Result "1-0"]
[PlyCount "91"]
[EventDate "2014.09.20"]

1. e4 e6 2. d4 d5 3. Nc3 Nf6 4. Bg5 Be7 5. e5 Nfd7 6. h4 h6 7. Bxe7 Qxe7 8. Qg4
O-O 9. O-O-O a6 10. Rh3 c5 11. f4 cxd4 12. Rxd4 Nc6 13. Rd1 f6 14. exf6 Qxf6
15. Nge2 Nc5 16. Qf3 d4 17. Ne4 Nxe4 18. Qxe4 e5 19. fxe5 Qxf1 20. Rxf1 Rxf1+
21. Kd2 Bxh3 22. gxh3 Re8 23. e6 Rf6 24. Nf4 Nd8 25. e7 Nc6 26. Nd5 Rf7 27. Qg6
Nxe7 28. Nf6+ Kf8 29. Nd7+ Kg8 30. Qe6 Ref8 31. Nxf8 Kxf8 32. Qd6 Rf6 33. Qb8+
Kf7 34. Qxb7 Rd6 35. b4 Kf6 36. a4 Nd5 37. b5 axb5 38. Qxb5 Nc3 39. Qb8 Ke6 40.
a5 Kd5 41. Qb7+ Kc4 42. a6 Re6 43. Qf7 Ne4+ 44. Kc1 Nc5 45. a7 Kc3 46. Qxe6 1-0

[Event "C.to Mondiale U16 femminile"]
[Site "Durban RSA"]
[Date "2014.09.23"]
[Round "6"]
[White "Paolillo, Gaia"]
[Black "Le Bihan, Alison"]
[WhiteElo "1921"]
[BlackElo "1714"]
[Result "0-1"]
[PlyCount "102"]
[EventDate "2014.09.20"]

1. Nf3 d5 2. c4 e6 3. g3 Nf6 4. Bg2 Be7 5. O-O O-O 6. d4 c5 7. dxc5 dxc4 8. Ne5
Bxc5 9. Nxc4 Nc6 10. Nc3 Qe7 11. Bxc6 bxc6 12. Na4 Ba6 13. Qc2 Bd6 14. Nxd6
Qxd6 15. Be3 Qc7 16. Nc5 Bb7 17. Rfd1 Rad8 18. Bg5 a5 19. Rxd8 Rxd8 20. b3 Qe5
21. Bxf6 Qxf6 22. Rd1 Bc8 23. Kg2 h6 24. Ne4 Qe7 25. Rxd8+ Qxd8 26. Qxc6 Bd7
27. Qc5 Qa8 28. f3 Qa6 29. Kf2 Bc6 30. Nd6 f6 31. a3 e5 32. Nc4 Bb5 33. a4 Bxc4
34. bxc4 Qe6 35. Qd5 Kf7 36. e4 Ke7 37. Kg2 Qb6 38. c5 Qb2+ 39. Kh3 Qf2 40.
Qd6+ Ke8 41. Qb8+ Kf7 42. Qb3+ Kg6 43. Qc3 Qf1+ 44. Kh4 Qg2 45. h3 Kh7 46. f4
g5+ 47. Kg4 Qxe4 48. Qb3 h5+ 49. Kxh5 Qg6+ 50. Kg4 gxf4+ 51. Kh4 Qg5# 0-1

[Event "C.to Mondiale U16 femminile"]
[Site "Durban RSA"]
[Date "2014.09.25"]
[Round "7"]
[White "Du Toit, Sune"]
[Black "Paolillo, Gaia"]
[WhiteElo "1645"]
[BlackElo "1921"]
[Result "1-0"]
[PlyCount "79"]
[EventDate "2014.09.20"]

1. e4 e6 2. d3 d5 3. Nd2 c5 4. Ngf3 Nc6 5. g3 Bd6 6. Bg2 Nge7 7. O-O O-O 8. Re1
Qc7 9. Nf1 d4 10. h4 Bd7 11. N1h2 b5 12. e5 Nxe5 13. Nxe5 Bxe5 14. Bxa8 Rxa8
15. f4 Bd6 16. Nf3 f6 17. Qe2 Re8 18. c3 e5 19. fxe5 fxe5 20. Ng5 Rf8 21. Qe4
Bf5 22. Qe2 c4 23. Ne4 cxd3 24. Qxd3 Bc5 25. cxd4 Bxd4+ 26. Be3 Nc6 27. Rac1
Qb6 28. Qb3+ Kh8 29. Nd6 Bg6 30. Nxb5 Bxe3+ 31. Rxe3 Na5 32. Qa3 Rd8 33. Qc5
Qa6 34. Qxe5 h5 35. Nc7 Qb6 36. Ne6 Rg8 37. Rc7 Nc6 38. Qc3 Nb4 39. Rxg7 Nd5
40. Rxg8+ 1-0

[Event "C.to Mondiale U16 femminile"]
[Site "Durban RSA"]
[Date "2014.09.26"]
[Round "8"]
[White "Paolillo, Gaia"]
[Black "Nyashanu, Cynthia"]
[WhiteElo "1921"]
[BlackElo "1400"]
[Result "1-0"]
[PlyCount "36"]
[EventDate "2014.09.20"]

1. Nf3 d5 2. c4 Nf6 3. cxd5 Nxd5 4. e4 Nb6 5. d4 e6 6. Nc3 g6 7. Be2 Bg7 8. Bf4
c6 9. Qd2 O-O 10. Bh6 N8d7 11. h4 c5 12. Bxg7 Kxg7 13. h5 cxd4 14. hxg6 Rh8 15.
Qh6+ Kf6 16. g7+ Ke7 17. gxh8=Q Qxh8 18. Nb5 Nf6 1-0

[Event "C.to Mondiale U18"]
[Site "Durban RSA"]
[Date "2014.09.20"]
[Round "1"]
[White "Padayachee, Kenyon"]
[Black "Boscolo, Federico"]
[WhiteElo "1748"]
[BlackElo "2320"]
[Result "0-1"]
[PlyCount "86"]
[EventDate "2014.09.20"]

1. e4 g6 2. d4 Bg7 3. Nf3 d6 4. h3 Nf6 5. Nc3 O-O 6. Bc4 c6 7. a4 d5 8. Bd3
dxe4 9. Nxe4 Nxe4 10. Bxe4 Nd7 11. c3 Nf6 12. Bc2 b6 13. O-O Bb7 14. Bf4 Rc8
15. Re1 c5 16. Be3 Nd5 17. Bg5 cxd4 18. Nxd4 Qd7 19. Be4 f6 20. Bh4 e5 21. Nc2
Qf7 22. Bxd5 Bxd5 23. Nb4 Ba8 24. Qe2 a5 25. Nc2 f5 26. Red1 e4 27. Qb5 h6 28.
Bg3 f4 29. Bh2 e3 30. f3 Rc6 31. Nd4 Rf6 32. Ne2 Bc6 33. Qd3 g5 34. b4 axb4 35.
cxb4 Rf5 36. Ra3 Rd5 37. Qc2 Rfd8 38. Rxd5 Qxd5 39. Kh1 Qd1+ 40. Qxd1 Rxd1+ 41.
Bg1 Rd2 42. Nc3 e2 43. Bf2 Rd1+ 0-1

[Event "C.to Mondiale U18"]
[Site "Durban RSA"]
[Date "2014.09.21"]
[Round "2"]
[White "Boscolo, Federico"]
[Black "Vaibhav, Suri"]
[WhiteElo "2320"]
[BlackElo "2521"]
[Result "0-1"]
[PlyCount "80"]
[EventDate "2014.09.20"]

1. e4 c5 2. Nf3 e6 3. c3 Nf6 4. e5 Nd5 5. d4 cxd4 6. cxd4 d6 7. Bc4 Nb6 8. Bd3
Nc6 9. O-O Nb4 10. Bg5 Be7 11. Bxe7 Qxe7 12. Nc3 Nxd3 13. Qxd3 dxe5 14. dxe5
O-O 15. Rfd1 Bd7 16. Nd4 Qg5 17. Qe4 Rfc8 18. Rd3 Bc6 19. Nxc6 Rxc6 20. Rad1 h6
21. Rg3 Qh5 22. Rh3 Qg5 23. Rg3 Qh5 24. Rh3 Qf5 25. Qe2 Nc4 26. Rh5 Qg6 27. Rh4
Nb6 28. h3 Rc5 29. Rg4 Qf5 30. f4 Rac8 31. Ne4 Rc1 32. Rxc1 Rxc1+ 33. Kh2 Nd5
34. Qd2 Ra1 35. Nd6 Qb1 36. f5 Qg1+ 37. Kg3 Ne3 38. Rf4 Nf1+ 39. Rxf1 Qxf1 40.
fxe6 fxe6 0-1

[Event "C.to Mondiale U18"]
[Site "Durban RSA"]
[Date "2014.09.21"]
[Round "3"]
[White "Poleg, Matan"]
[Black "Boscolo, Federico"]
[WhiteElo "2039"]
[BlackElo "2320"]
[Result "0-1"]
[PlyCount "116"]
[EventDate "2014.09.20"]

1. d4 Nf6 2. c4 g6 3. Nc3 Bg7 4. e4 d6 5. h3 O-O 6. Bg5 Na6 7. Bd3 c5 8. d5 e6
9. Nge2 exd5 10. exd5 h6 11. Bf4 Nc7 12. a4 Nh5 13. Bh2 f5 14. O-O Be5 15. f4
Bg7 16. Qc2 Na6 17. Qd2 Nb4 18. Bb1 a6 19. Kh1 Bd7 20. Bg1 Qe7 21. Bf2 Rae8 22.
Re1 Qf6 23. Ng1 Rxe1 24. Bxe1 Re8 25. Nf3 Qe7 26. Bf2 Nf6 27. Nh4 Ne4 28. Bxe4
fxe4 29. Re1 Nd3 30. Rxe4 Bxc3 31. Rxe7 Bxd2 32. Rxd7 Nxf2+ 33. Kg1 Nd3 34.
Nxg6 Re1+ 35. Kh2 Nxf4 36. Ne7+ Kf8 37. Nf5 Ne2 38. Rxb7 Bf4+ 39. g3 Nxg3 40.
Rb8+ Kf7 41. Nxh6+ Kg6 42. Ng4 Re2+ 43. Kg1 Bc1 44. b3 Bb2 45. Rg8+ Kh5 46.
Nf6+ Bxf6 47. Rxg3 Rb2 48. Kf1 Kh4 49. Rf3 Be5 50. Ke1 Bg3+ 51. Kd1 Kxh3 52.
Kc1 Rf2 53. Re3 Kg4 54. Re8 Bf4+ 55. Kb1 Be5 56. Rb8 Kf3 57. Rb6 Ke3 58. Kc1
Kd3 0-1

[Event "C.to Mondiale U18"]
[Site "Durban RSA"]
[Date "2014.09.22"]
[Round "4"]
[White "Wagner, Dennis"]
[Black "Boscolo, Federico"]
[WhiteElo "2499"]
[BlackElo "2320"]
[Result "1-0"]
[PlyCount "53"]
[EventDate "2014.09.20"]

1. d4 Nf6 2. c4 g6 3. Nc3 Bg7 4. e4 d6 5. Nf3 O-O 6. Be2 e5 7. Be3 exd4 8. Nxd4
Re8 9. f3 c6 10. Bf2 d5 11. exd5 cxd5 12. O-O Nc6 13. c5 Re5 14. Bb5 Bd7 15.
Bxc6 bxc6 16. b4 Rc8 17. Qd2 Qf8 18. Rfe1 Bh6 19. Qd3 Qe7 20. b5 cxb5 21. Ndxb5
Bxb5 22. Nxb5 Nd7 23. Rxe5 Qxe5 24. Re1 Nxc5 25. Qa3 Qg5 26. Nxa7 Qd2 27. Nxc8
1-0

[Event "C.to Mondiale U18"]
[Site "Durban RSA"]
[Date "2014.09.23"]
[Round "5"]
[White "Boscolo, Federico"]
[Black "Dukic, Zachary"]
[WhiteElo "2320"]
[BlackElo "1937"]
[Result "1-0"]
[PlyCount "53"]
[EventDate "2014.09.20"]

1. e4 e6 2. d4 d5 3. Nd2 Nf6 4. e5 Nfd7 5. c3 c5 6. Bd3 Nc6 7. Ngf3 Be7 8. O-O
a5 9. a4 O-O 10. dxc5 Nxc5 11. Bc2 b6 12. Nb3 Ba6 13. Re1 Rc8 14. Nbd4 Nxd4 15.
Nxd4 Bb7 16. Qg4 g6 17. Bh6 Re8 18. Rad1 Qd7 19. Nf3 Bc6 20. Rd4 Qb7 21. Ng5 f5
22. exf6 Bxf6 23. Rf4 Bxg5 24. Qxg5 Qe7 25. Bxg6 hxg6 26. Qxg6+ Kh8 27. Rh4 1-0

[Event "C.to Mondiale U18"]
[Site "Durban RSA"]
[Date "2014.09.23"]
[Round "6"]
[White "Boscolo, Federico"]
[Black "Nyamdorj, Davaaochir"]
[WhiteElo "2320"]
[BlackElo "1804"]
[Result "1-0"]
[PlyCount "49"]
[EventDate "2014.09.20"]

1. e4 e5 2. Nf3 Nc6 3. Bc4 Bc5 4. c3 Nf6 5. d3 O-O 6. b4 Bb6 7. O-O d6 8. a4 a6
9. a5 Ba7 10. Be3 Be6 11. Nbd2 Ne7 12. Bxa7 Rxa7 13. Bxe6 fxe6 14. Qb3 Qd7 15.
d4 exd4 16. Nxd4 d5 17. Rae1 Nc6 18. Nxc6 Qxc6 19. exd5 exd5 20. Nf3 Rd8 21.
Nd4 Qd7 22. f3 Re8 23. Qd1 g6 24. Qd2 Kf7 25. Qh6 1-0

[Event "C.to Mondiale U18"]
[Site "Durban RSA"]
[Date "2014.09.25"]
[Round "7"]
[White "Javanbakht, Nima"]
[Black "Boscolo, Federico"]
[WhiteElo "2364"]
[BlackElo "2320"]
[Result "0-1"]
[PlyCount "110"]
[EventDate "2014.09.20"]

1. d4 Nf6 2. c4 g6 3. Nc3 Bg7 4. e4 d6 5. f3 O-O 6. Be3 Nc6 7. Nge2 a6 8. Qd2
Bd7 9. Nc1 Nh5 10. Nb3 a5 11. d5 Ne5 12. Nd4 c5 13. Ndb5 f5 14. exf5 Rxf5 15.
Be2 Qf8 16. O-O Nf4 17. Rf2 g5 18. Kh1 Qf7 19. Re1 Rf8 20. Bf1 g4 21. g3 Nh3
22. f4 Nxf2+ 23. Qxf2 Nf3 24. Rd1 Rh5 25. h3 Qg6 26. Bg2 Ne5 27. Qe2 gxh3 28.
Be4 Bf5 29. Bxf5 Rhxf5 30. Ne4 Ng4 31. Bc1 h6 32. Nc7 Nf6 33. Nf2 Nh5 34. Qe6+
Qxe6 35. Nxe6 Nxg3+ 36. Kh2 Ne2 37. Nxf8 Rxf8 38. Nxh3 a4 39. Be3 Nd4 40. Bxd4
Bxd4 41. b3 axb3 42. axb3 Ra8 43. Kg3 Kf7 44. f5 Kf6 45. Rf1 Rg8+ 46. Kh4 Be5
47. Rf3 Rg2 48. Rf1 Rg3 49. Nf2 Rxb3 50. Ng4+ Kg7 51. Nxe5 dxe5 52. f6+ exf6
53. Rd1 Kf7 54. Kg4 Rc3 55. d6 Rxc4+ 0-1

[Event "C.to Mondiale U18"]
[Site "Durban RSA"]
[Date "2014.09.26"]
[Round "8"]
[White "Boscolo, Federico"]
[Black "Vignesh, Narayanan Rajeswari"]
[WhiteElo "2320"]
[BlackElo "2360"]
[Result "0-1"]
[PlyCount "90"]
[EventDate "2014.09.20"]

1. e4 c5 2. Nf3 d6 3. Bb5+ Bd7 4. Bxd7+ Nxd7 5. O-O Ngf6 6. Qe2 e6 7. b3 Be7 8.
Bb2 O-O 9. c4 Rc8 10. d4 cxd4 11. Nxd4 Qc7 12. Nc3 Rfe8 13. Rad1 a6 14. Kh1 Bf8
15. f4 e5 16. Nf5 Re6 17. Ne3 exf4 18. Ned5 Nxd5 19. Nxd5 Qc6 20. Rxf4 Rce8 21.
Rdf1 f6 22. Rh4 g6 23. Qf3 Bg7 24. Rf4 Rf8 25. Qh3 Rfe8 26. Qf3 Rf8 27. Qg4
Ree8 28. h3 b5 29. cxb5 axb5 30. Qf3 Ne5 31. Bxe5 dxe5 32. Rh4 Qd6 33. Qe2 f5
34. Qxb5 Qd8 35. exf5 Qxh4 36. f6 Kh8 37. Qd7 Bh6 38. a4 Qd4 39. Qc6 e4 40. f7
Rd8 41. Nc7 Rxf7 42. Rxf7 Qa1+ 43. Kh2 Qe5+ 44. Kg1 Rd1+ 45. Kf2 Rd2+ 0-1

[Event "C.to Mondiale U18"]
[Site "Durban RSA"]
[Date "2014.09.27"]
[Round "9"]
[White "Harutyunian, Tigran K."]
[Black "Boscolo, Federico"]
[WhiteElo "2439"]
[BlackElo "2320"]
[Result "1-0"]
[PlyCount "77"]
[EventDate "2014.09.20"]

1. Nf3 Nf6 2. c4 g6 3. g3 Bg7 4. Bg2 O-O 5. O-O d6 6. d4 Nc6 7. Nc3 Rb8 8. Bf4
a6 9. Rc1 b5 10. Nd5 Bg4 11. Nxf6+ Bxf6 12. Be3 bxc4 13. Rxc4 Nb4 14. a3 Nd5
15. Bh6 Re8 16. Qc2 c5 17. dxc5 Rxb2 18. Qd3 Be6 19. Nd4 Nc7 20. Nxe6 Nxe6 21.
c6 Nc5 22. Qd1 Qb6 23. Be3 Qb5 24. Rxc5 dxc5 25. c7 Bd4 26. Bxd4 cxd4 27. Qxd4
Rc2 28. Qd8 Kf8 29. Rd1 f6 30. Be4 Rc3 31. Rd7 Qxe2 32. Rxe7 Rc1+ 33. Kg2 Qf1+
34. Kf3 Rc3+ 35. Kg4 h5+ 36. Kh4 g5+ 37. Kxh5 Qb5 38. Rxe8+ Qxe8+ 39. Bg6 1-0

[Event "C.to Mondiale U18"]
[Site "Durban RSA"]
[Date "2014.09.28"]
[Round "10"]
[White "Boscolo, Federico"]
[Black "Salomon, Johan"]
[WhiteElo "2320"]
[BlackElo "2362"]
[Result "0-1"]
[PlyCount "26"]
[EventDate "2014.09.20"]

1. e4 e5 2. Nf3 Nc6 3. Bc4 Bc5 4. d3 Nf6 5. c3 d6 6. Nbd2 a6 7. Bb3 O-O 8. h3
d5 9. O-O Re8 10. Qe2 Nh5 11. exd5 Ng3 12. Qd1 Nxf1 13. Nxf1 Na5 {...} 0-1

[Event "C.to Mondiale U18 femminile"]
[Site "Durban RSA"]
[Date "2014.09.21"]
[Round "2"]
[White "Colantuono, Virginia"]
[Black "Styazhkina, Anna"]
[WhiteElo "1982"]
[BlackElo "2203"]
[Result "0-1"]
[PlyCount "76"]
[EventDate "2014.09.20"]

1. Nf3 g6 2. c4 c5 3. g3 Bg7 4. Nc3 Nc6 5. Bg2 e6 6. O-O Nge7 7. d3 d5 8. cxd5
exd5 9. e4 d4 10. Ne2 O-O 11. Nf4 b5 12. a4 Rb8 13. axb5 Rxb5 14. Nd2 Na5 15.
Nc4 Nec6 16. Ra3 Bd7 17. Nd5 Nb4 18. Bf4 Nxd5 19. exd5 Nxc4 20. dxc4 Ra5 21.
Qa1 Rxa3 22. Qxa3 Qb6 23. Ra1 Re8 24. Bf3 Bh3 25. Bd2 Bf6 26. Ba5 Qd6 27. b4 d3
28. Rd1 d2 29. bxc5 Qa6 30. Qb4 Bg5 31. c6 Qc8 32. d6 Qf5 33. Bd5 Re2 34. Qc5
Qc2 35. Bxf7+ Kxf7 36. Qd5+ Kg7 37. Qd4+ Bf6 38. Qxd2 Rxd2 0-1

[Event "C.to Mondiale U18 femminile"]
[Site "Durban RSA"]
[Date "2014.09.21"]
[Round "3"]
[White "Nomalungelo, Mathe"]
[Black "Colantuono, Virginia"]
[WhiteElo "1565"]
[BlackElo "1982"]
[Result "0-1"]
[PlyCount "68"]
[EventDate "2014.09.20"]

1. e4 c5 2. Nf3 d6 3. d4 cxd4 4. Nxd4 Nf6 5. Nc3 a6 6. h3 e6 7. Be3 Be7 8. Qd2
Qc7 9. Be2 Nbd7 10. Nb3 b5 11. f3 Bb7 12. g4 b4 13. Nb1 d5 14. exd5 Nxd5 15.
Bf2 Bd6 16. Kf1 Nf4 17. Bg3 e5 18. c3 Nxe2 19. Qxe2 O-O 20. cxb4 a5 21. Qd1
Ba6+ 22. Kg2 Bxb4 23. N1d2 a4 24. Rc1 Qd6 25. a3 axb3 26. axb4 Qxb4 27. Nxb3
Rfd8 28. Be1 Qb5 29. Rc3 Nc5 30. Qc2 Na4 31. Rc7 Rab8 32. Nc5 Nxc5 33. Rxc5
Qxb2 34. Bg3 Rd2+ 0-1

[Event "C.to Mondiale U18 femminile"]
[Site "Durban RSA"]
[Date "2014.09.22"]
[Round "4"]
[White "Navrotescu, Andreea-Cristiana"]
[Black "Colantuono, Virginia"]
[WhiteElo "2208"]
[BlackElo "1982"]
[Result "1-0"]
[PlyCount "83"]
[EventDate "2014.09.20"]

1. d4 Nf6 2. c4 g6 3. Nc3 Bg7 4. e4 d6 5. Nge2 O-O 6. Ng3 e5 7. d5 a5 8. Be2 c6
9. Bg5 cxd5 10. cxd5 Na6 11. Qd2 Nc5 12. O-O a4 13. Rac1 Bd7 14. f3 Qa5 15. f4
Qb6 16. Kh1 Ne8 17. fxe5 Bxe5 18. Be7 Nc7 19. Bxf8 Rxf8 20. Bf3 Nb5 21. Nge2
Qa6 22. Rcd1 Rc8 23. Qe3 Nxc3 24. bxc3 Bb5 25. Rb1 Bc4 26. a3 Qa5 27. Rb4 b5
28. Rd1 Bb3 29. Rc1 Bc4 30. Rd1 Bb3 31. Rd2 Rc7 32. Nd4 Bxd4 33. Rbxd4 Nd7 34.
Rb4 Ne5 35. Be2 Rc5 36. h3 Qb6 37. Bxb5 Rxb5 38. Qxb6 Rxb6 39. Rxb6 Nc4 40.
Rb8+ Kg7 41. Rd4 Nxa3 42. Rxb3 1-0

[Event "C.to Mondiale U18 femminile"]
[Site "Durban RSA"]
[Date "2014.09.23"]
[Round "5"]
[White "Colantuono, Virginia"]
[Black "Wang, Yan"]
[WhiteElo "1982"]
[BlackElo "1691"]
[Result "1-0"]
[PlyCount "77"]
[EventDate "2014.09.20"]

1. Nf3 Nf6 2. c4 c5 3. g3 g6 4. Nc3 Bg7 5. Bg2 Nc6 6. O-O O-O 7. a3 d6 8. Rb1
Bf5 9. d3 Qd7 10. Bd2 Bh3 11. b4 Bxg2 12. Kxg2 b6 13. e3 Rac8 14. Qe2 d5 15.
bxc5 bxc5 16. cxd5 Nxd5 17. Ne4 Nd8 18. Rfc1 Ne6 19. Nfg5 Nxg5 20. Nxg5 Nf6 21.
Nf3 Rfd8 22. Rb3 Qd5 23. Rc4 Rb8 24. Rxb8 Rxb8 25. e4 Qc6 26. Ne5 Qb5 27. Qe3
Qb2 28. Rxc5 Qxa3 29. Nc6 Ng4 30. Qg5 Bf6 31. Qxg4 Qxc5 32. Nxb8 Qd6 33. Qc8+
Kg7 34. Bc3 e5 35. Nd7 Qxd3 36. Nxf6 Kxf6 37. Qc6+ Ke7 38. Bxe5 a5 39. Bf6+ 1-0

[Event "C.to Mondiale U18 femminile"]
[Site "Durban RSA"]
[Date "2014.09.23"]
[Round "6"]
[White "Colantuono, Virginia"]
[Black "Mukhit, Aisezym"]
[WhiteElo "1982"]
[BlackElo "2060"]
[Result "1/2-1/2"]
[PlyCount "99"]
[EventDate "2014.09.20"]

1. Nf3 Nf6 2. c4 c5 3. g3 e6 4. Bg2 Be7 5. O-O O-O 6. Nc3 Nc6 7. d4 cxd4 8.
Nxd4 a6 9. e4 Qc7 10. Nxc6 dxc6 11. f4 Rb8 12. e5 Rd8 13. Qe2 Ne8 14. Be3 b6
15. Rfd1 Bb7 16. Qf2 c5 17. a4 Bxg2 18. Qxg2 f6 19. exf6 Bxf6 20. Ne4 Bd4 21.
Qe2 e5 22. Ng5 Qd6 23. Bxd4 exd4 24. Qe6+ Qxe6 25. Nxe6 Rd7 26. f5 Nd6 27. a5
Nxc4 28. axb6 Rxb6 29. Nxc5 Rdd6 30. b3 Ne3 31. Rd3 Nxf5 32. g4 Ne3 33. Ra4 Nc2
34. Rd2 Nb4 35. Nd3 Nc6 36. Nc5 h6 37. Kf2 a5 38. h3 Rd5 39. Rc4 Rb4 40. Rxb4
axb4 41. Nd3 Ra5 42. Rc2 Ra6 43. Kf3 Kf8 44. Ke4 Ke7 45. Rc4 Rb6 46. Kd5 Na5
47. Rxb4 Rxb4 48. Nxb4 Nxb3 49. Kc4 Nd2+ 50. Kxd4 1/2-1/2

[Event "C.to Mondiale U18 femminile"]
[Site "Durban RSA"]
[Date "2014.09.25"]
[Round "7"]
[White "Nevioselaya, Maria"]
[Black "Colantuono, Virginia"]
[WhiteElo "2024"]
[BlackElo "1982"]
[Result "1-0"]
[PlyCount "117"]
[EventDate "2014.09.20"]

1. e4 c5 2. Nf3 d6 3. d4 cxd4 4. Qxd4 a6 5. c4 Nc6 6. Qe3 g6 7. Nc3 Nf6 8. h3
Bg7 9. Be2 O-O 10. O-O Nd7 11. b3 Nc5 12. Bb2 a5 13. Rab1 f5 14. Rfd1 fxe4 15.
Ng5 Nd3 16. Bxd3 exd3 17. Ne6 Bxe6 18. Qxe6+ Kh8 19. Rxd3 Ne5 20. Rd2 Qd7 21.
Qxd7 Nxd7 22. Nd5 Rf7 23. Re1 Bxb2 24. Rxb2 Ne5 25. Rd2 Rc8 26. f4 Nc6 27. Re6
Kg7 28. g4 Kf8 29. Kg2 Nd8 30. Re4 e6 31. Nb6 Rc6 32. Na4 b6 33. Kg3 Re7 34.
Rde2 Rf7 35. a3 Rb7 36. Nc3 d5 37. Rd4 Nf7 38. Nb5 dxc4 39. Rxc4 Rxc4 40. bxc4
Ke7 41. Nd4 Kd6 42. Nxe6 Nh6 43. Ng5 Ng8 44. Re8 Ne7 45. Ne4+ Kc6 46. Rh8 Rd7
47. Rxh7 b5 48. cxb5+ Kxb5 49. Kf3 Kc4 50. Ke2 Kd4 51. Nd2 a4 52. f5 gxf5 53.
gxf5 Ke5 54. Rf7 Kd6 55. Nc4+ Kc5 56. f6 Rd4 57. fxe7 Re4+ 58. Kd3 Re1 59. Ne3
1-0

[Event "C.to Mondiale U18 femminile"]
[Site "Durban RSA"]
[Date "2014.09.26"]
[Round "8"]
[White "Colantuono, Virginia"]
[Black "Yashora, Tiumi"]
[WhiteElo "1982"]
[BlackElo "1706"]
[Result "1-0"]
[PlyCount "48"]
[EventDate "2014.09.20"]

1. Nf3 c5 2. c4 Nf6 3. Nc3 d5 4. cxd5 Nxd5 5. g3 Nc6 6. Bg2 Nc7 7. O-O e5 8. d3
Be7 9. Nd2 Be6 10. Nc4 f6 11. Be3 Qd7 12. a4 O-O 13. a5 Na6 14. Qa4 Kh8 15.
Rfd1 Rfd8 16. Rac1 Ncb4 17. Qxd7 Rxd7 18. f4 exf4 19. gxf4 Nd5 20. Nxd5 Bxd5
21. Bh3 Nc7 22. Bf2 Rad8 23. Na3 Rd6 24. Nb5 Ra8 1-0